Statistics for England 2018 World Cup Squad

Click here to take the quiz!

General Stats

  • This quiz has been taken 94 times
  • The average score is 18 of 24

Answer Stats

PositionAnswer% Correct
FWDHarry Kane
99%
GKJordan Pickford
96%
DEFJohn Stones
88%
ManagerGareth Southgate
87%
MIDJordan Henderson
86%
MIDRaheem Sterling
86%
DEFHarry Maguire
85%
DEFKyle Walker
85%
FWDMarcus Rashford
83%
DEFKieran Trippier
82%
GKNick Pope
81%
FWDJamie Vardy
80%
MIDEric Dier
79%
MIDDele Alli
74%
DEFTrent Alexander-Arnold
74%
GKJack Butland
69%
DEFDanny Rose
67%
MIDJesse Lingard
65%
FWDDanny Welbeck
61%
DEFPhil Jones
61%
DEFGary Cahill
58%
DEFAshley Young
56%
MIDRuben Loftus-Cheek
54%
MIDFabian Delph
42%

Score Distribution

Percentile by Number Answered

Percent of People with Each Score

Your Score History

You have not taken this quiz